Reduction in Phosphating Defects [electronic resource: Project Report] (Record no. 258376)
[ view plain ]
| 000 -LEADER | |
|---|---|
| fixed length control field | 00563nam a2200157Ia 4500 |
| 008 - FIXED-LENGTH DATA ELEMENTS--GENERAL INFORMATION | |
| fixed length control field | 240126s9999 xx 000 0 und d |
| 041 ## - LANGUAGE CODE | |
| Language code of text/sound track or separate title | English |
| 082 ## - DEWEY DECIMAL CLASSIFICATION NUMBER | |
| Classification number | PRME08-1270 |
| 100 ## - MAIN ENTRY--PERSONAL NAME | |
| Personal name | Aditi Kshirsagar, Shwetha K Achar, Prathyusha K |
| 245 #0 - TITLE STATEMENT | |
| Title | Reduction in Phosphating Defects [electronic resource: Project Report] |
| Remainder of title | Murthy, K N Dr. |
| 260 ## - PUBLICATION, DISTRIBUTION, ETC. | |
| Name of publisher, distributor, etc. | PESIT, Dept. of ME, |
| Place of publication, distribution, etc. | Bangalore |
| 440 ## - SERIES STATEMENT/ADDED ENTRY--TITLE | |
| Title | NULL |
| 650 ## - SUBJECT ADDED ENTRY--TOPICAL TERM | |
| Topical term or geographic name entry element | Mechanical Engineering |
| 650 ## - SUBJECT ADDED ENTRY--TOPICAL TERM | |
| Topical term or geographic name entry element | Reduction,Phosphating,Defects,[electronic,resource:,Project,Report],Mechanical Engineering |
| 942 ## - ADDED ENTRY ELEMENTS (KOHA) | |
| Koha item type | Project Reports |
| Date last seen | Total checkouts | Full call number | Accession number | Volume/Issue Number | Price effective from | Category | Lost status | Damaged status | Department | Withdrawn status | Home library | Current library | Shelving location | Entry date | Billdate | Currency symbol | Conversion rate | Discount | Old discount |
|---|---|---|---|---|---|---|---|---|---|---|---|---|---|---|---|---|---|---|---|
| 26/01/2024 | PRME08-1270 | PR1270 | (30/06/1905) | 26/01/2024 | Project Reports | ME | Central Library | Central Library | Central Library | 08/09/2011 | RS | 1 |
